| 000 | 00353nam a22001457a 4500 | ||
|---|---|---|---|
| 020 | _qHB. | ||
| 040 | _cFIZZA ISHAQ | ||
| 082 |
_a624.15136 _bBRA |
||
| 100 | _aDAS, M. BRAJA. | ||
| 245 |
_aPRINCIPLES OF GEOTECHNICAL ENGINEERING / _cBRAJA M. DAS. |
||
| 250 | _a2nd ED. | ||
| 260 |
_bCENGAGE LEARNING, _c2014. |
||
| 300 | _a726 P. ; | ||
| 942 |
_2ddc _cBK |
||
| 999 |
_c588964 _d588964 |
||